| 000 | 01295nam a2200289 a 4500 | ||
|---|---|---|---|
| 001 | BRCA_2404 | ||
| 005 | 20190320203807.0 | ||
| 008 | 121108s1701----sp-#---###---#000-0#spa-u | ||
| 041 | _aspa | ||
| 044 | _asp | ||
| 084 |
_a045 _b.G45 _c1704 |
||
| 100 | 1 |
_aCervantes Saavedra, Miguel de _d1547-1616 _9213 |
|
| 245 | 1 | 0 |
_aVida y hechos del Ingenioso Cavallero Don Quixote de la Mancha _ccompuesto por Miguel de Cervantes Saavedra. |
| 260 |
_aBarcelona _bMartín Gelabert _c1704 |
||
| 300 |
_a690 p. _c20 cm. |
||
| 500 | _aContenido : Prólogo del autor. Aprobación de la edición de Valencia de 1605. Versos preliminares. Texto | ||
| 500 | _aSigue el texto de la edición de Bruselas 1662. Suprime la dedicatoria al Duque de Béjar. La segunda parte carece de preliminares, dedicatoria y prólogo de Cervantes. Pergamino, impresión y papel, medianos Lúdovik Osterc | ||
| 500 | _aEstado físico : Cubierta y lomo desprendidos | ||
| 500 | _aQM29 | ||
| 650 | 1 | 4 |
_aNovela española _yÉpoca clásica, 1500-1700 _9215 |
| 650 | 1 | 4 |
_aLiteratura española _yÉpoca clásica, 1500-1700 _9216 |
| 650 | 1 | 4 |
_aNovela española _ySiglo XVII _9217 |
| 650 | 1 | 4 |
_aDon Quijote (Personaje ficticio) _eNovela _9218 |
| 740 | 0 | _aEl Ingenioso Hidalgo Don Quijote de la Mancha | |
| 902 | _aQFM | ||
| 942 |
_2lcc _cB |
||
| 999 |
_c2145 _d2145 |
||